Практический маркетинг: учебное пособие

Detalles Bibliográficos
Autor principal: Калужский М. Л.
Sumario:В учебном пособии, написанном доступным языком и полностью соответствующем российским образовательным стандартам и программам обучения, изложены базовые понятия по дисциплине «Маркетинг». Пособие содержит большое количество примеров из отечественной практики маркетинга, первоисточников для самостоятельного изучения дисциплины, а также обширный словарь. Издание ориентировано на студентов, преподавателей и всех, кто сталкивается с маркетинговыми проблемами в хозяйственной практике.
Lenguaje:ruso
Publicado: Санкт-Петербург, Питер, 2012
Colección:Учебное пособие
Стандарт третьего поколения
Для бакалавров
Materias:
Formato: Libro
KOHA link:https://koha.lib.tpu.ru/cgi-bin/koha/opac-detail.pl?biblionumber=214750

MARC

LEADER 00000nam0a2200000 4500
001 214750
005 20231101225921.0
010 |a 9785459012149 
035 |a (RuTPU)RU\TPU\book\234637 
090 |a 214750 
100 |a 20120427d2012 m y0rusy50 ca 
101 0 |a rus 
102 |a RU 
105 |a y j 001zy 
200 1 |a Практический маркетинг  |e учебное пособие  |f М. Л. Калужский 
210 |a Санкт-Петербург  |c Питер  |d 2012 
215 |a 168 с. 
225 1 |a Учебное пособие 
225 1 |a Стандарт третьего поколения 
225 1 |a Для бакалавров 
320 |a Библиография в конце глав. 
320 |a Глоссарий: с. 128-157. 
320 |a Предметный указатель: с. 159-168. 
330 |a В учебном пособии, написанном доступным языком и полностью соответствующем российским образовательным стандартам и программам обучения, изложены базовые понятия по дисциплине «Маркетинг». Пособие содержит большое количество примеров из отечественной практики маркетинга, первоисточников для самостоятельного изучения дисциплины, а также обширный словарь. Издание ориентировано на студентов, преподавателей и всех, кто сталкивается с маркетинговыми проблемами в хозяйственной практике. 
606 1 |a Маркетинг  |2 stltpush  |3 (RuTPU)RU\TPU\subj\41036  |9 60857 
610 1 |a методология 
610 1 |a теория 
610 1 |a практика 
610 1 |a товарная политика 
610 1 |a ценовая политика 
610 1 |a сбытовая политика 
610 1 |a коммуникативная политика 
610 1 |a маркетинговые исследования 
610 1 |a рынок 
610 1 |a сегментация 
610 1 |a анализ 
610 1 |a контроль 
610 1 |a международная торговля 
610 1 |a учебные пособия 
686 |a У9(2)212.4я73  |v LBC/SL-A  |2 rubbk 
700 1 |a Калужский  |b М. Л. 
801 1 |a RU  |b 63413507  |c 20120427 
801 2 |a RU  |b 63413507  |c 20150519  |g RCR 
900 |a Маркетинг 
942 |c BK 
959 |a 66/20120425  |d 2  |e 0,00  |f ЧЗГЛ:1  |f АНЛ:1 
959 |a 134/20121015  |d 2  |e 238,00  |f ЧЗГЛ:1  |f АНЛ:1